000 00326nam a22001337a 4500
008 170925b xxu||||| |||| 00| 0 eng d
020 _a9780195115420
041 _aeng
080 _24 ED
_a37
100 _a46
101 _aEDU
245 _aCLASSICAL RHETORIC FOR MODERN STUDENT
_cCORBET.E.P.J
942 _2udc
_cBK
999 _c29671
_d29671